00398 2200157 4500001002100000005001500021035002000036245005000056100001700106300003000123260003100153082000800184084001400192020002200206990001200228INLIS00000000000304720250919074005 a0010-09250003941 aESPS Bahasa Indonesia Kelas X /cTim Edukatif0 aTim Edukatif a236 hlm ;c19,5 x 25,5 cm aJakarta :bErlangga,c2017 a400 a400 TIM e a978-602-434-801-4 a0755588